000 00440nam a2200181Ia 4500
001 5165
005 20260306145848.0
008 260306t1989||||xx |||||||||||||| ||spa||
041 _aESP
082 _a336.3435
_bS13
100 _aSachs, Jeffrey D.
_eAUT
245 0 _aDeveloping country debt and the world economy
260 _c1989
300 _a335 páginas :
_c23 cm.
650 _aGEN
654 _aCAN
942 _cLIB
_dJUS
_fJUS
_2ddc
_n
999 _c5165
_d5165